Symposium. (Record no. 89321)

MARC details
000 -LEADER
fixed length control field 00554cam a22002051 4500
001 - CONTROL NUMBER
control field sa 68020256
003 - CONTROL NUMBER IDENTIFIER
control field DLC
005 - DATE AND TIME OF LATEST TRANSACTION
control field 20260227112723.0
008 - FIXED-LENGTH DATA ELEMENTS--GENERAL INFORMATION
fixed length control field 760503s1967 xx 000 0 eng
010 ## - LIBRARY OF CONGRESS CONTROL NUMBER
LC control number sa 68020256
035 ## - SYSTEM CONTROL NUMBER
System control number (OCoLC)2153851
040 ## - CATALOGING SOURCE
Original cataloging agency DLC
Transcribing agency OAU
Modifying agency DLC
042 ## - AUTHENTICATION CODE
Authentication code premarc
050 00 - LIBRARY OF CONGRESS CALL NUMBER
Classification number PJ6068.I5
Item number I5 1967
110 2# - MAIN ENTRY--CORPORATE NAME
Corporate name or jurisdiction name as entry element Institut Agama Islam Negeri Sunan Kalidjaga.
Subordinate unit Fakultas Adab.
245 00 - TITLE STATEMENT
Title Symposium.
260 ## - PUBLICATION, DISTRIBUTION, ETC.
Place of publication, distribution, etc. [Prasaran. Jogjakarta?
Date of publication, distribution, etc. 1967?]
300 ## - PHYSICAL DESCRIPTION
Extent [25] l.
Dimensions 33 cm.
650 #0 - SUBJECT ADDED ENTRY--TOPICAL TERM
Topical term or geographic name entry element Arabic language
Geographic subdivision Indonesia.

No items available.

Powered by Koha